00481nam a22001577a 4500008004100000020001500041050002200056100001900078245010200097250001200199260003900211300001600250650002600266700001500292700001600307220310b |||||||| |||| 00| 0 eng d a1473767300 aHF5681b.S86 2020 aStolowy, Herve aFinancial Accounting and Reporting ba Global Perspective cHerve Stolowy, Yuan Ding & Luc Paugam a6th ed. aAustraliabCengage Learning c2020 axxvi, 703p. aFinancial statements  aDing, Yuan aPaugam, Luc